[Event "Daehne Cup Region 12/13 I Rest"]
[White "Freier, Werner"]
[Black "Tondera, Benedikt"]
[Site "Hannover"]
[Round "3"]
[Result "1-0"]
[Date "2012.11.21"]
[WhiteElo "1935"]
[BlackElo "1600"]
[PlyCount "47"]
[EventDate "2012.11.??"]
[EventType "swiss"]
[EventCountry "GER"]
[SourceTitle "EXT 2022"]
[Source "ChessBase"]
[SourceDate "2021.10.06"]
[SourceVersion "1"]
[SourceVersionDate "2021.10.06"]
[SourceQuality "1"]

1. Nf3 Nf6 2. d4 d5 3. c4 dxc4 4. Nc3 a6 5. a4 Nc6 6. e3 Na5 7. Ne5 e6 8. Nxc4 Nxc4 9. Bxc4 c5 10. 0-0 b6 11. d5 exd5 12. Nxd5 Bb7 13. e4 Nxd5 14. exd5 Be7 15. Bf4 0-0 16. Be5 Qd7 17. Qb3 Bd6 18. f4 Qc7 19. Rae1 Rfe8 20. Qg3 f5 21. Qg5 Rf8 22. Bxd6 Qxd6 23. Re6 Qd8 24. Re7 1-0

[Event "Daehne Cup Region 12/13 I"]
[White "Tondera, Benedikt"]
[Black "Kiesewetter, Oliver"]
[Site "Hannover"]
[Round "2"]
[Result "0-1"]
[Date "2012.11.14"]
[WhiteElo "1600"]
[BlackElo "1864"]
[PlyCount "50"]
[EventDate "2012.11.07"]
[EventType "k.o."]
[EventRounds "4"]
[EventCountry "GER"]
[SourceTitle "EXT 2022"]
[Source "ChessBase"]
[SourceDate "2021.10.06"]
[SourceVersion "1"]
[SourceVersionDate "2021.10.06"]
[SourceQuality "1"]

1. d4 d5 2. Nf3 Nf6 3. c4 e6 4. g3 Bb4+ 5. Bd2 Be7 6. Bg2 0-0 7. Qc2 c6 8. 0-0 b6 9. Rd1 Nbd7 10. Bf4 Bb7 11. Nbd2 c5 12. dxc5 Bxc5 13. Be5 Bxf2+ 14. Kxf2 Ng4+ 15. Kg1 Ndxe5 16. Nxe5 Nxe5 17. e4 Qc7 18. exd5 Bxd5 19. Be4 Bxe4 20. Qxe4 Rad8 21. b3 Qc5+ 22. Kg2 Rd4 23. b4 Qd6 24. Qe2 Qc6+ 25. Kg1 Rxd2 0-1

[Event "Hannover Region-ch"]
[White "Nagel, Detlev"]
[Black "Tondera, Benedikt"]
[Site "Langenhagen"]
[Round "6"]
[Result "0-1"]
[Date "2012.03.31"]
[WhiteElo "1350"]
[BlackElo "1533"]
[PlyCount "80"]
[EventDate "2012.01.14"]
[EventType "swiss"]
[EventRounds "7"]
[EventCountry "GER"]
[SourceTitle "EXT 2021"]
[Source "ChessBase"]
[SourceDate "2020.10.23"]
[SourceVersion "1"]
[SourceVersionDate "2020.10.23"]
[SourceQuality "1"]

1. Nf3 Nf6 2. g3 d5 3. Bg2 c6 4. 0-0 Bg4 5. d4 Nbd7 6. Nc3 e6 7. h3 Bh5 8. g4 Bg6 9. Bf4 h6 10. Bg3 Ne4 11. Nxe4 Bxe4 12. c3 c5 13. Nd2 Bxg2 14. Kxg2 c4 15. Qc2 b5 16. e4 Nb6 17. Rae1 Be7 18. f4 Bh4 19. e5 g6 20. f5 gxf5 21. Nf3 Bxg3 22. Kxg3 fxg4 23. hxg4 Qe7 24. Rh1 0-0-0 25. Rh5 Rdg8 26. Reh1 Qf8 27. Qd2 Rg6 28. R1h4 Nd7 29. Kh3 f6 30. Qe3 Qg7 31. exf6 Qxf6 32. g5 Qf5+ 33. Kg3 Rhg8 34. Rxh6 Nf6 35. Rxg6 Rxg6 36. Rh8+ Kb7 37. Rh4 Ne4+ 38. Kh2 Nxg5 39. Nxg5 Rxg5 40. Rh3 Qc2+ 0-1

[Event "Hannover Region-ch"]
[White "Tondera, Benedikt"]
[Black "Willeke, Lutz"]
[Site "Langenhagen"]
[Round "5"]
[Result "0-1"]
[Date "2012.03.24"]
[WhiteElo "1533"]
[BlackElo "1605"]
[PlyCount "71"]
[EventDate "2012.01.14"]
[EventType "swiss"]
[EventRounds "7"]
[EventCountry "GER"]
[SourceTitle "EXT 2021"]
[Source "ChessBase"]
[SourceDate "2020.10.23"]
[SourceVersion "1"]
[SourceVersionDate "2020.10.23"]
[SourceQuality "1"]

1. d4 Nf6 2. c4 e6 3. Nf3 b6 4. g3 Bb7 5. Bg2 Be7 6. 0-0 0-0 7. Nc3 d5 8. cxd5 Nxd5 9. a3 c5 10. Qc2 Nxc3 11. bxc3 Nd7 12. Bf4 Nf6 13. Rad1 Qe8 14. Qa2 Rc8 15. Nd2 Bxg2 16. Kxg2 Nd5 17. Qb3 cxd4 18. c4 Nxf4+ 19. gxf4 Qc6+ 20. Kg1 Rfd8 21. Qg3 f5 22. Qb3 Qd6 23. c5 bxc5 24. Nc4 Qa6 25. Rd3 Bf6 26. Rfd1 Rd5 27. Qa2 Rcd8 28. R1d2 Qc6 29. Rb2 Qc7 30. e3 dxe3 31. Rxd5 exd5 32. Nxe3 Bxb2 33. Nxd5 Rxd5 34. Qxd5+ Kf8 35. Qxf5+ Bf6 36. Qe4 0-1